Notas sobre el cultivo de las esporas de helechos / (Record no. 30324)

MARC details
000 -LEADER
campo de control de longitud fija 00630nam a2200181 i 4500
001 - NÚMERO DE CONTROL
campo de control 30324
003 - IDENTIFICADOR DE NÚMERO DE CONTROL
campo de control ES-MaACL
005 - FECHA Y HORA DE LA ÚLTIMA TRANSACCIÓN
campo de control 20230909063109.0
007 - CAMPO FIJO DE DESCRIPCIÓN FÍSICA--INFORMACIÓN GENERAL
campo de control de longitud fija t|
008 - DATOS DE LONGITUD FIJA--INFORMACIÓN GENERAL
campo de control de longitud fija 030124s1909 sp ||||1| spa d
100 1# - ENTRADA PRINCIPAL--NOMBRE DE PERSONA
Nombre de persona Barras de Aragón, Francisco de las,
Fechas asociadas al nombre 1869-1955
9 (RLIN) 25859
245 10 - MENCIÓN DEL TÍTULO
Título Notas sobre el cultivo de las esporas de helechos /
Mención de responsabilidad, etc. Francisco de las Barras de Aragón.
260 ## - PUBLICACIÓN, DISTRIBUCIÓN, ETC.
Lugar de publicación, distribución, etc. [S.l. :
Nombre del editor, distribuidor, etc. s.n.,
Fecha de publicación, distribución, etc. 1909?]
300 ## - DESCRIPCIÓN FÍSICA
Extensión p. [199]-206 :
Otras características físicas il. ;
Dimensiones 26 cm.
500 ## - NOTA GENERAL
Nota general Separata de: Boletín de la Sociedad Española de Historia Natural, abril, 1909.
852 ## - LOCALIZACIÓN
Ubicación ES-MaACL
Número de control de estantería 1604-F-7
Holdings
Estatus retirado Estado de pérdida Estado de daño No para préstamo Colección Biblioteca de origen Biblioteca actual Ubicación en estantería Fecha de adquisición Fuente de adquisición Total de préstamos Signatura topográfica completa Código de barras Visto por última vez Precio de reemplazo Tipo de ítem Koha
        Colección de folletos Biblioteca del Ateneo de Madrid Biblioteca del Ateneo de Madrid Depósito folletos 17/01/2008     1604-F-7 1031305 23/02/2023 23/02/2023 Folleto